<?xml version="1.0" encoding="UTF-8"?>
<collection xmlns="http://www.loc.gov/MARC21/slim">
 <record>
  <leader>01533nam a22002291  4500</leader>
  <controlfield tag="001">1/10284</controlfield>
  <controlfield tag="008">170397s1994    gr                  gre d</controlfield>
  <datafield tag="035" ind1=" " ind2=" ">
   <subfield code="l">10623</subfield>
  </datafield>
  <datafield tag="040" ind1=" " ind2=" ">
   <subfield code="a">GR-PeUP</subfield>
  </datafield>
  <datafield tag="082" ind1="0" ind2="0">
   <subfield code="a">363.73 09495 ΚΑ ΚΕΠΕ</subfield>
  </datafield>
  <datafield tag="100" ind1="1" ind2=" ">
   <subfield code="a">Κατοχιανού, Δήμητρα Ν.</subfield>
  </datafield>
  <datafield tag="245" ind1="1" ind2="0">
   <subfield code="a">Αξιολόγηση της συμβολής των Κοινοτικών χρηματοδοτήσεων στην προστατου ελληνικού περιβάλλοντος /</subfield>
   <subfield code="c">Δήμητρας, Ν. Κατοχιανού, Σοφίας Κ.Σπαθή.</subfield>
  </datafield>
  <datafield tag="260" ind1=" " ind2=" ">
   <subfield code="a">Αθήνα:</subfield>
   <subfield code="b">ΚΕΠΕ,</subfield>
   <subfield code="c">1994.</subfield>
  </datafield>
  <datafield tag="300" ind1=" " ind2=" ">
   <subfield code="a">76σ.:</subfield>
   <subfield code="b">πιν.;</subfield>
   <subfield code="c">23 εκ.</subfield>
  </datafield>
  <datafield tag="490" ind1="1" ind2=" ">
   <subfield code="a">Εκθέσεις (Κέντρο Προγραμματισμού και Οικονομικών Ερευνών) ;</subfield>
  </datafield>
  <datafield tag="650" ind1=" " ind2="4">
   <subfield code="a">Περιβάλλον</subfield>
   <subfield code="x">Προστασία</subfield>
   <subfield code="z">Ελλάδα.</subfield>
  </datafield>
  <datafield tag="650" ind1=" " ind2="4">
   <subfield code="a">Περιβάλλον</subfield>
   <subfield code="x">Προστασία</subfield>
   <subfield code="z">Ευρωπαϊκή Ένωση, Χώρες της.</subfield>
  </datafield>
  <datafield tag="710" ind1="2" ind2=" ">
   <subfield code="a">Κέντρο Προγραμματισμού και Οικονομικών Ερευνών.</subfield>
  </datafield>
  <datafield tag="830" ind1=" " ind2=" ">
   <subfield code="a">Εκθέσεις (Κέντρο Προγραμματισμού και Οικονομικών Ερευνών)</subfield>
   <subfield code="v">12</subfield>
  </datafield>
  <datafield tag="852" ind1=" " ind2=" ">
   <subfield code="a">INST</subfield>
   <subfield code="b">UNIPILB</subfield>
   <subfield code="c">MAIN</subfield>
   <subfield code="e">20040709</subfield>
   <subfield code="h">363.73 09495 ΚΑ ΚΕΠΕ</subfield>
   <subfield code="p">00124722</subfield>
   <subfield code="q">00124722</subfield>
   <subfield code="t">LOAN</subfield>
   <subfield code="y">0</subfield>
   <subfield code="4">1</subfield>
  </datafield>
  <datafield tag="852" ind1=" " ind2=" ">
   <subfield code="a">INST</subfield>
   <subfield code="b">UNIPILB</subfield>
   <subfield code="c">MAIN</subfield>
   <subfield code="e">20040709</subfield>
   <subfield code="h">363.73 09495 ΚΑ ΚΕΠΕ</subfield>
   <subfield code="p">00124723</subfield>
   <subfield code="q">00124723</subfield>
   <subfield code="t">LOAN</subfield>
   <subfield code="y">0</subfield>
   <subfield code="4">2</subfield>
  </datafield>
  <datafield tag="852" ind1=" " ind2=" ">
   <subfield code="a">INST</subfield>
   <subfield code="b">UNIPILB</subfield>
   <subfield code="c">MAIN</subfield>
   <subfield code="e">20040709</subfield>
   <subfield code="h">363.73 09495 ΚΑ ΚΕΠΕ</subfield>
   <subfield code="p">00124724</subfield>
   <subfield code="q">00124724</subfield>
   <subfield code="t">LOAN</subfield>
   <subfield code="y">0</subfield>
   <subfield code="4">3</subfield>
  </datafield>
 </record>
</collection>
